The role of the state towards the right to work for refugees : (رقم التسجيلة. 179091)
[ عرض عادي ]
| 000 -LEADER | |
|---|---|
| fixed length control field | 04461namaa22004211i 4500 |
| 003 - CONTROL NUMBER IDENTIFIER | |
| control field | EG-GICUC |
| 005 - أخر تعامل مع التسجيلة | |
| control field | 20260415101847.0 |
| 008 - FIXED-LENGTH DATA ELEMENTS--GENERAL INFORMATION | |
| fixed length control field | 260329s2025 ua a|||frm||| 000 0 eng d |
| 040 ## - CATALOGING SOURCE | |
| Original cataloguing agency | EG-GICUC |
| Transcribing agency | EG-GICUC |
| Modifying agency | EG-GICUC |
| Description conventions | rda |
| Language of cataloging | eng |
| 041 0# - LANGUAGE CODE | |
| Language code of text/sound track or separate title | eng |
| Language code of summary or abstract | eng |
| -- | ara |
| 049 ## - Acquisition Source | |
| Acquisition Source | Deposit |
| 082 04 - DEWEY DECIMAL CLASSIFICATION NUMBER | |
| Classification number | 362.87 |
| 092 ## - LOCALLY ASSIGNED DEWEY CALL NUMBER (OCLC) | |
| Classification number | 362.87 |
| Edition number | 21 |
| 097 ## - Degree | |
| Degree | Ph.D |
| 099 ## - LOCAL FREE-TEXT CALL NUMBER (OCLC) | |
| Local Call Number | Cai01.03.04.Ph.D.2025.Fa.R |
| 100 0# - MAIN ENTRY--PERSONAL NAME | |
| Authority record control number or standard number | Farah Mahmoud Ahmed ElBatrawy, |
| Preparation | preparation. |
| 245 14 - TITLE STATEMENT | |
| Title | The role of the state towards the right to work for refugees : |
| Remainder of title | a comparative study between germany and france post-2011 / |
| Statement of responsibility, etc. | by Farah Mahmoud Ahmed ElBatrawy ; Supervision Prof Dr Aliaa Saraya. |
| 246 15 - VARYING FORM OF TITLE | |
| Title proper/short title | دور الدولة تجاه الحق في العمل للاجئين : |
| Remainder of title | دراسة مقارنة بين ألمانيا وفرنسا بعد ٢.١١ |
| 264 #0 - PRODUCTION, PUBLICATION, DISTRIBUTION, MANUFACTURE, AND COPYRIGHT NOTICE | |
| Date of production, publication, distribution, manufacture, or copyright notice | 2025. |
| 300 ## - PHYSICAL DESCRIPTION | |
| Extent | 220 pages : |
| Other physical details | illustrations ; |
| Dimensions | 25 cm. + |
| Accompanying material | CD. |
| 336 ## - CONTENT TYPE | |
| Content type term | text |
| Source | rda content |
| 337 ## - MEDIA TYPE | |
| Media type term | Unmediated |
| Source | rdamedia |
| 338 ## - CARRIER TYPE | |
| Carrier type term | volume |
| Source | rdacarrier |
| 502 ## - DISSERTATION NOTE | |
| Dissertation note | Thesis (Ph.D)-Cairo University, 2025. |
| 504 ## - BIBLIOGRAPHY, ETC. NOTE | |
| Bibliography, etc. note | Bibliography: pages 193-208. |
| 520 #3 - SUMMARY, ETC. | |
| Summary, etc. | This thesis examined the discrepancy between Germany and France on the right to work for <br/>refugees since 2011. It assessed both de jure frameworks and de facto practices of the state. <br/>This interdisciplinary study combined legal and political economy approaches. Desk research <br/>was supported by semi-structured interviews with key respondents. The study traced the <br/>evolution of the right to work in international and European law. It compared national <br/>frameworks, institutional practices, and existing barriers towards the right to work for <br/>refugees in both countries. From a political lens, findings show that political leadership, party <br/>dynamics, and public opinion coupled with the regional events, shaped state responses. From <br/>a socio-economic lens, labour market needs, demographic composition and population <br/>projections also impacted the role of both states. The thesis concludes with the suggestions <br/>for future research on non-state actors, Global South experiences, and EU reforms regarding <br/>the migration agenda. |
| 520 #3 - SUMMARY, ETC. | |
| Summary, etc. | تناولت هذه الأطروحة التباين بين ألمانيا وفرنسا فيما يتعلق بالحق في العمل للاجئين منذ عام 2011.درست الأطروحة الأطر القانونية الرسميةوالممارسات الفعليةللدولة.اعتمدت الدراسة البينية على الجمع بين المقاربة القانونية ومقاربة الاقتصاد السياسي.استندت إلى مراجعة مكتبية للتشريعات والأنظمة، مدعومة بمقابلات شبه مُنظمة مع مستجيبين رئيسيين.تتبعت الدراسة تطور الحق في العمل في القانون الدولي والقانون الأوروبي لحقوق الإنسان.كما قارنت بين الأطر الوطنية والممارسات المؤسسية والعوائق أمام تمتع اللاجئين بالحق في العمل في البلدين.ومن منظور سياسي، أظهرت النتائج أن القيادة السياسية، وتوازنات الأحزاب، والرأي العام، والأحداث الإقليمية شكّلت استجابات الدولتين.ومن منظور اقتصادي-اجتماعي، أثّرت احتياجات سوق العمل، والتركيبة الديمغرافية، والتوقعات السكانية على دور كل دولة.وتختتم الأطروحة بالدعوة إلى بحوث مستقبلية حول دور الفاعلين من غير الدول، وتجارب بلدان الجنوب العالمي، والإصلاحات الأوروبية المقبلة في أجندة الهجرة |
| 530 ## - ADDITIONAL PHYSICAL FORM AVAILABLE NOTE | |
| Issues CD | Issues also as CD. |
| 546 ## - LANGUAGE NOTE | |
| Text Language | Text in English and abstract in Arabic & English. |
| 650 #0 - SUBJECT ADDED ENTRY--TOPICAL TERM | |
| Topical term or geographic name entry element | Refugees |
| 650 #0 - SUBJECT ADDED ENTRY--TOPICAL TERM | |
| Topical term or geographic name entry element | الاجئين |
| 653 #1 - INDEX TERM--UNCONTROLLED | |
| Uncontrolled term | Human Rights |
| -- | the right to work |
| -- | refugees |
| -- | political economy |
| -- | حقوق الإنسا، الحق في العمل |
| -- | اللاجئين |
| 700 0# - ADDED ENTRY--PERSONAL NAME | |
| Personal name | Aliaa Saraya |
| Relator term | thesis advisor. |
| 900 ## - Thesis Information | |
| Grant date | 01-01-2025 |
| Supervisory body | Aliaa Saraya |
| Universities | Cairo University |
| Faculties | Faculty of Economics and Political science |
| Department | Department of Euro- Mediterranean Studies |
| 905 ## - Cataloger and Reviser Names | |
| Cataloger Name | Shimaa |
| Reviser Names | Eman Ghareb |
| 942 ## - ADDED ENTRY ELEMENTS (KOHA) | |
| Source of classification or shelving scheme | Dewey Decimal Classification |
| Koha item type | Thesis |
| Edition | 21 |
| Suppress in OPAC | No |
| Source of classification or shelving scheme | Home library | Current library | Date acquired | Inventory number | Full call number | Barcode | Date last seen | Effective from | Koha item type |
|---|---|---|---|---|---|---|---|---|---|
| Dewey Decimal Classification | المكتبة المركزبة الجديدة - جامعة القاهرة | قاعة الرسائل الجامعية - الدور الاول | 29.03.2026 | 93614 | Cai01.03.04.Ph.D.2025.Fa.R | 01010110093614000 | 29.03.2026 | 29.03.2026 | Thesis |